000 00397nam a22001697a 4500
005 20180621100140.0
008 160531b xxu||||| |||| 00| 0 eng d
020 _a81-203-2226-6
041 _aeng
082 _b6416
_a658
100 _aCerto, Samuel C.
_91602
245 _aModern Management
260 _aNew Delhi
_bPHI,
_c2002
300 _a571
650 _aManagement
_9241
942 _cBK
999 _c2260
_d2259